A paixão (Registo nº 202137)

Detalhes MARC
000 -Etiqueta do registo
Valores 00516nam 22001933 4500
010 ## - Número ISBN
ISBN 972-747-412-8
021 ## - Número do Depósito Legal
Número 135.159.99
100 ## - Dados gerais de processamento
Dados gerais 20240112d u||y0pory50 ba
200 ## - Titulo e menção de responsabilidade
Título próprio A paixão
Primeira menção de responsabilidade Almeida Faria
210 ## - Publicação
Local de publicação Lisboa
Nome do editor Planeta
Data de publicação 1999
215 ## - Descrição física 
Paginação / Volumes 160 p.
Outras indicações físicas encadernado
Dimensões 21 cm
606 ## - Nome comum usado como assunto
Palavra de ordem Literatura Portuguesa
ID Autoridade 6
675 ## - CDU
Notação 821.134.3-3
Edição PT
Língua por
700 ## - Autor principal (pessoa individual)
ID Autoridade 1040
Apelido Faria
Nome Almeida
Datas 1943-
801 ## - Fonte de origem
País PT
Agência BMMN
Regras de catalogação RPC
830 ## - Notas gerais do catalogador
Criado por Ana Falardo
Indexado por Ana Falardo
990 ## - Elementos KOHA
Tipo de documento Livro
Exemplares
Situação do levantamento Biblioteca de origem Código de barras Cota Permissão de empréstimo Tipo de documento Nota relativa ao exemplar Forma de aquisição
  Biblioteca Municipal de Montemor-o-Novo 31561 821.134.3-3 FAR|SAF   Livro Acesso Condicionado Oferta

Powered by Koha